[Event "POL-ch"]
[Site "Poland"]
[Date "1996.??.??"]
[Round "14"]
[White "Czerwonski, Aleksander"]
[Black "Wojtkiewicz, Aleksander"]
[Result "1-0"]
[WhiteElo "2400"]
[BlackElo "2550"]

1.d4 Nf6 2.c4 e6 3.Nf3 b6 4.g3 Ba6 5.Nbd2 d5 6.Bg2 Be7 7.Ne5 c6 8.cxd5 cxd5
9.O-O O-O 10.Ndf3 Ne4 11.h4 Qe8 12.Bf4 Nc6 13.Rc1 Rc8 14.Nxc6 Rxc6 15.Rxc6 Qxc6
16.Nd2 Nxd2 17.Qxd2 Qc4 18.Rc1 Qxe2 19.Rc7 Bf6 20.Rxa7 h5 21.Qxe2 Bxe2 22.Be3 Rc8
23.Rb7 Bd8 24.Bf1 Bxf1 25.Kxf1 Kf8 26.Bd2 Ke8 27.Ke1 Rc4 28.Bc3 Bc7 29.Kd2 Kd7
30.Ra7 Kc8 31.Ra8+ Bb8 32.Ra3 Kb7 33.Kd3 Bd6 34.Rb3 Kc6 35.Bd2 b5 36.Rc3 f6
37.b3 Rxc3+ 38.Bxc3 b4 39.Bd2 e5 40.f3 Kb5 41.g4 hxg4 42.fxg4 Kc6 43.h5 Bf8
44.dxe5 fxe5 45.g5 Kc5 46.g6 Kb5 47.Bg5 Kc5 48.h6 e4+ 49.Ke2 gxh6 50.Be7+ Bxe7
51.g7  1-0

[Event "Regensburg op"]
[Site "Regensburg"]
[Date "1996.??.??"]
[Round "1"]
[White "Niessen, Helga"]
[Black "Wojtkiewicz, Aleksander"]
[Result "0-1"]
[WhiteElo "2105"]
[BlackElo "2550"]

1.c4 c5 2.Nc3 Nf6 3.g3 e6 4.Bg2 d5 5.cxd5 exd5 6.d4 cxd4 7.Qxd4 Nc6 8.Qa4 d4
9.Ne4 Bb4+ 10.Bd2 Bxd2+ 11.Nxd2 O-O 12.Nh3 Re8 13.O-O Rxe2 14.Rad1 Bg4 15.Nf4 Re7
16.f3 Bf5 17.g4 Qd6 18.Nh3 Bd3 19.Nc4 Qb4 20.Qxb4 Nxb4 21.a3 Bxc4 22.axb4 Bxf1
23.Bxf1 Rd8 24.Bc4 g6 25.Nf4 Kg7 26.Kf2 a6 27.Bb3 h6 28.h4 Rd6 29.g5 hxg5
30.hxg5 Nh7  0-1

[Event "Regensburg op"]
[Site "Regensburg"]
[Date "1996.??.??"]
[Round "2"]
[White "Wojtkiewicz, Aleksander"]
[Black "Hoepfl, Thomas"]
[Result "1-0"]
[WhiteElo "2550"]
[BlackElo "2220"]

1.Nf3 Nf6 2.c4 g6 3.g3 Bg7 4.Bg2 O-O 5.d4 d6 6.O-O Nc6 7.Nc3 a6 8.b3 Rb8
9.Nd5 b5 10.Nxf6+ Bxf6 11.Bh6 Re8 12.Rc1 Bd7 13.Qd2 e5 14.dxe5 Nxe5 15.Nxe5 Rxe5
16.Bf4 Re8 17.c5 dxc5 18.Rxc5 Bg4 19.Qxd8 Rbxd8 20.e3 Rd2 21.a4 Rb2 22.axb5 axb5
23.Bd5 Be6 24.Rxb5 Bxd5 25.Rxd5 Rxb3 26.Bxc7 Rc8 27.Bf4 Kg7 28.g4 h6 29.Kg2 Rc4
30.Kf3 Rbb4 31.h3 Rb7 32.Rfd1 Rc2 33.Bg3 Re7 34.h4 g5 35.h5 Rc4 36.Rf5 Rc6
37.Rb1 Ra6 38.Rd5 Rc6 39.Rb8 Ra6 40.Rdd8 Rc6 41.Rh8  1-0

[Event "Regensburg op"]
[Site "Regensburg"]
[Date "1996.??.??"]
[Round "4"]
[White "Wojtkiewicz, Aleksander"]
[Black "Luft, Andreas"]
[Result "1-0"]
[WhiteElo "2550"]
[BlackElo "2325"]

1.Nf3 c5 2.c4 Nc6 3.d4 cxd4 4.Nxd4 Nf6 5.Nc3 e6 6.a3 a6 7.e4 Qa5 8.Nb3 Qc7
9.f4 d6 10.Be3 b6 11.Rc1 Na5 12.Nd2 Be7 13.b4 Nb7 14.Bd3 O-O 15.O-O Bd7 16.Kh1 a5
17.Qe2 axb4 18.axb4 Rfb8 19.Nf3 Nd8 20.e5 Ne8 21.Nb5 Qb7 22.exd6 Nxd6 23.Nxd6 Bxd6
24.Bxh7+ Kxh7 25.Qd3+ Kg8 26.Qxd6 Bc6 27.b5 Be4 28.Rf2 Ra4 29.h3 f6 30.Kh2 Kf7
31.Bd4 Kg8 32.Rc3 Ra1 33.Re3 Rd1 34.Rxe4  1-0

[Event "Regensburg op"]
[Site "Regensburg"]
[Date "1996.??.??"]
[Round "6"]
[White "Wojtkiewicz, Aleksander"]
[Black "Schlosser, Philipp"]
[Result "1/2-1/2"]
[WhiteElo "2550"]
[BlackElo "2540"]

1.Nf3 Nf6 2.c4 c5 3.Nc3 Nc6 4.g3 d5 5.d4 cxd4 6.Nxd4 dxc4 7.Nxc6 Qxd1+ 8.Nxd1 bxc6
9.Bg2 Nd5 10.Ne3 e6 11.Nxc4 Ba6 12.b3 Bb4+ 13.Bd2 Ke7 14.Rc1 Rac8 15.Bxb4+ Nxb4
16.a3 Nd5 17.Na5 c5 18.Rc2 c4 19.Nxc4 Bxc4 20.Rxc4 Rxc4 21.bxc4 Nb6 22.c5 Nc4
23.O-O Rb8 24.c6 Nxa3 25.Be4 Nb5 26.Ra1 Ra8 27.c7  1/2-1/2

[Event "Regensburg op"]
[Site "Regensburg"]
[Date "1996.??.??"]
[Round "7"]
[White "Gross, Stefan"]
[Black "Wojtkiewicz, Aleksander"]
[Result "0-1"]
[WhiteElo "2290"]
[BlackElo "2550"]

1.Nf3 c5 2.c4 Nf6 3.Nc3 e6 4.g3 b6 5.Bg2 Bb7 6.O-O a6 7.b3 d6 8.Bb2 Be7 9.e3 O-O
10.d4 cxd4 11.Nxd4 Bxg2 12.Kxg2 Qc8 13.f4 Nc6 14.Qf3 Nxd4 15.exd4 Qd7 16.d5 b5
17.cxb5 axb5 18.dxe6 fxe6 19.f5 b4 20.fxe6 Qxe6 21.Rfe1 Qg4 22.Na4 Qxf3+
23.Kxf3 Rac8 24.Rac1 Rxc1 25.Rxc1 d5 26.Bd4 Ne4+ 27.Ke2 Bf6 28.Be3 d4 29.Kd3 Nxg3
30.Bxd4 Bxd4 31.hxg3 Be5 32.Rc4 Bxg3 33.Rxb4 h5 34.Nc3 Rf3+ 35.Kd2 Rxc3 36.Rb5 Rf3
37.Rxh5 Rf2+ 38.Kd3 Rxa2 39.Rg5 Bf4 40.Rg1 Kf7  0-1

[Event "Soest op"]
[Site "Soest"]
[Date "1996.??.??"]
[Round "3"]
[White "Wojtkiewicz, Aleksander"]
[Black "Jonkman, Harmen"]
[Result "1-0"]
[WhiteElo "2550"]
[BlackElo "2325"]

1.Nf3 d5 2.d4 Nf6 3.c4 dxc4 4.e3 e6 5.Bxc4 a6 6.Qe2 c5 7.dxc5 Bxc5 8.O-O Nc6
9.Nbd2 O-O 10.b3 Qe7 11.Bd3 Bd7 12.a3 h6 13.Bb2 Rfd8 14.Rfc1 Ba7 15.b4 Rac8
16.Nc4 Be8 17.Rd1 b5 18.Ncd2 Nd5 19.Rac1 Nb6 20.Ba1 Bb8 21.Nb3 Na4 22.Nc5 Nxc5
23.Rxc5 Bd6 24.Rcc1 Nb8 25.Qb2 f6 26.Rxc8 Rxc8 27.Bb1 Bh5 28.Qd2 Rd8 29.Qc2 Qc7
30.Qh7+ Kf8 31.Rc1 Bxf3 32.gxf3 Qf7 33.f4 Nd7 34.Ba2 f5 35.e4 Nf6 36.Bxf6 gxf6  1-0

[Event "Soest op"]
[Site "Soest"]
[Date "1996.??.??"]
[Round "5"]
[White "Wojtkiewicz, Aleksander"]
[Black "Oei, Hway Ik"]
[Result "1-0"]
[WhiteElo "2550"]
[BlackElo "2205"]

1.Nf3 Nf6 2.c4 c5 3.Nc3 e6 4.g3 b6 5.Bg2 Bb7 6.O-O d6 7.Re1 Nbd7 8.e4 a6
9.d4 cxd4 10.Nxd4 Qc7 11.Nd5 exd5 12.exd5+ Kd8 13.Nc6+ Bxc6 14.dxc6 Nc5 15.b4 Ne6
16.c5 bxc5 17.bxc5 Be7 18.Rb1 Rb8 19.cxd6 Bxd6 20.Rxb8+ Qxb8 21.Re2 Ne8 22.Rb2 Qc8
23.Rb7 N6c7 24.Bg5+ f6 25.Bf4 Ke7 26.Bh3 Qd8 27.Qe2+ Kf8 28.Be3 Qe7 29.Bd7 Qe4
30.Qh5 g6 31.Qh6+ Kf7 32.Rb8 Qe5 33.Qh3 h5 34.Rc8 Rf8 35.Qf1 Nd5 36.Qc4 Nc7
37.Rxc7 Bxc7 38.Bf4 Qe1+ 39.Kg2 Bxf4 40.Qxd5+ Kg7 41.gxf4 Qc3 42.Qd6 Qc4
43.c7 Qe4+ 44.Kf1 Qb1+ 45.Ke2 Qxa2+ 46.Kf3 Qb3+ 47.Kg2 Qc4 48.Qxf8+ Kxf8
49.c8=Q+ Qxc8 50.Bxc8 a5 51.Bd7 Ke7 52.Ba4  1-0

[Event "Soest op"]
[Site "Soest"]
[Date "1996.??.??"]
[Round "7"]
[White "Wojtkiewicz, Aleksander"]
[Black "Rytshagov, Mikhail"]
[Result "1/2-1/2"]
[WhiteElo "2550"]
[BlackElo "2495"]

1.d4 Nf6 2.Nf3 g6 3.Nc3 d5 4.Bf4 Bg7 5.e3 O-O 6.Be2 c5 7.dxc5 Qa5 8.Nd2 Qxc5
9.Nb3 Qb6 10.O-O Nc6 11.a4 a5 12.Bf3 Rd8 13.Nb5  1/2-1/2

[Event "Soest op"]
[Site "Soest"]
[Date "1996.??.??"]
[Round "8"]
[White "Helvensteijn, Dennis"]
[Black "Wojtkiewicz, Aleksander"]
[Result "1/2-1/2"]
[WhiteElo "2230"]
[BlackElo "2550"]

1.e4 g6 2.d4 Bg7 3.c4 d6 4.Nc3 e5 5.d5 f5 6.exf5 gxf5 7.Qh5+ Kf8 8.Bd3 Nf6
9.Qh3 f4 10.Bf5 Bxf5 11.Qxf5 Qd7 12.Qxd7 Nbxd7 13.g3 fxg3 14.hxg3 c6 15.Be3 cxd5
16.cxd5 h5 17.Nf3 Bh6 18.Nh4 Bxe3 19.fxe3 Rg8  1/2-1/2

[Event "Wuerzburg op"]
[Site "Wuerzburg"]
[Date "1996.??.??"]
[Round "2.1"]
[White "Wojtkiewicz, Aleksander"]
[Black "Jung, Karl Otto"]
[Result "1-0"]
[WhiteElo "2550"]
[BlackElo "2210"]

1.Nf3 Nf6 2.c4 c5 3.Nc3 Nc6 4.g3 g6 5.Bg2 Bg7 6.d4 cxd4 7.Nxd4 O-O 8.O-O Ng4
9.e3 d6 10.b3 a6 11.Nde2 Rb8 12.h3 Nge5 13.Bd2 Bf5 14.e4 Bc8 15.Be3 Qa5 16.Bd2 Qd8
17.f4 Nd7 18.Be3 Nc5 19.Qd2 Qa5 20.Rab1 Rd8 21.b4 Nxb4 22.Nd5 Be6 23.Rxb4 Bxd5
24.cxd5 b5 25.Rbb1 Qa4 26.Nd4 Bxd4 27.Bxd4 Rdc8 28.Rfc1 Qa3 29.Rc3 Qa5 30.Rbc1 b4
31.Rc4 Qa3 32.Kh2 a5 33.e5 b3 34.Bb2 Qxa2 35.exd6 exd6 36.Qd4  1-0

[Event "Wuerzburg op"]
[Site "Wuerzburg"]
[Date "1996.??.??"]
[Round "3.1"]
[White "Rupp, Markus"]
[Black "Wojtkiewicz, Aleksander"]
[Result "0-1"]
[WhiteElo "2330"]
[BlackElo "2550"]

1.d4 g6 2.c4 Bg7 3.e4 d6 4.Nc3 e5 5.d5 f5 6.Bd3 Nf6 7.Nge2 O-O 8.O-O f4 9.f3 a5
10.a3 g5 11.g4 h5 12.h3 Nbd7 13.Rb1 Rf7 14.Rf2 Nf8 15.Kf1 Ng6 16.Ng1 Nh4
17.Be2 Bd7 18.b4 axb4 19.axb4 Qe7 20.Bb2 Raf8 21.Ke1 hxg4 22.hxg4 Nxg4 23.fxg4 f3
24.Bxf3 Nxf3+ 25.Rxf3 Rxf3  0-1

[Event "Wuerzburg op"]
[Site "Wuerzburg"]
[Date "1996.??.??"]
[Round "6.1"]
[White "Wojtkiewicz, Aleksander"]
[Black "Ksieski, Zbigniew"]
[Result "1/2-1/2"]
[WhiteElo "2550"]
[BlackElo "2400"]

1.Nf3 Nf6 2.c4 e6 3.g3 a6 4.b3 b5 5.Nc3 b4 6.Na4 c5 7.Bg2 Bb7 8.O-O Be7 9.d4 cxd4
10.Bb2 d6 11.Qxd4 Nbd7 12.Rfd1 O-O 13.Qf4 Qb8 14.Rac1 h6 15.Qe3 Bc6 16.Ne1 Bxg2
17.Nxg2 Qb7 18.Nf4 Rac8 19.h3 Rfe8 20.h4 Bf8 21.Qf3 Qxf3 22.exf3 h5 23.Nd3 a5
24.Nf4 g6 25.Ne2 e5 26.Rd3 Rc6 27.Rcd1 Nc5 28.Nxc5 Rxc5 29.Kf1 a4 30.Bc1 axb3
31.axb3 Ra5 32.Bb2 Nd7 33.f4 Nc5 34.Re3  1/2-1/2

[Event "Wuerzburg op"]
[Site "Wuerzburg"]
[Date "1996.??.??"]
[Round "7.1"]
[White "Klovans, Janis"]
[Black "Wojtkiewicz, Aleksander"]
[Result "1/2-1/2"]
[WhiteElo "2520"]
[BlackElo "2550"]

1.e4 e6 2.d4 d5 3.Nc3 dxe4 4.Nxe4 Bd7 5.Nf3 Bc6 6.Bd3 Nd7 7.O-O Be7 8.Qe2 Ngf6
9.Re1 Nxe4 10.Bxe4 Bxe4 11.Qxe4  1/2-1/2

[Event "Yerevan op"]
[Site "Yerevan"]
[Date "1996.??.??"]
[Round "1"]
[White "Aginian, Nelly"]
[Black "Wojtkiewicz, Aleksander"]
[Result "0-1"]
[WhiteElo "2110"]
[BlackElo "2550"]

1.e4 c5 2.Nf3 d6 3.d4 cxd4 4.Nxd4 Nf6 5.Nc3 a6 6.Bg5 e6 7.Be2 Be7 8.Qd3 Nbd7
9.f4 h6 10.Bh4 g5 11.fxg5 Ne5 12.Qd2 Nfd7 13.O-O-O hxg5 14.Bg3 b5 15.a3 Bb7
16.Nf3 Rc8 17.Nxe5 Nxe5 18.Qd4 Qc7 19.Rhf1 Rh7 20.Rd2 Bc6 21.Nd1 a5 22.Ne3 b4
23.Ng4 Nxg4 24.Bxg4 bxa3 25.bxa3 Rd8 26.c4 Bb5 27.Be2 Rc8 28.Rc2 Ba4 29.Rd2 Bb3
30.Rf3 a4 31.Rc3 Qa5 32.Kb2 Rc6 33.e5 d5 34.h3 Bc5 35.Qd3 Rh8 36.Bd1 d4 37.Rc1 Rb6
38.Ka1 Bxd1 39.Rdxd1 Rb3  0-1

[Event "Yerevan op"]
[Site "Yerevan"]
[Date "1996.??.??"]
[Round "2"]
[White "Wojtkiewicz, Aleksander"]
[Black "Minasian, Ara"]
[Result "1/2-1/2"]
[WhiteElo "2550"]
[BlackElo "2425"]

1.Nf3 Nf6 2.c4 c6 3.d4 d5 4.Qc2 dxc4 5.Qxc4 Bf5 6.g3 e6 7.Bg2 Nbd7 8.O-O Be7
9.e3 O-O 10.b3 a5 11.a3 Qb6 12.Bb2 Rfe8 13.Nfd2 e5 14.dxe5 Ng4 15.Qc3 Be6
16.Nc4 Bxc4 17.Qxc4 Ngxe5 18.Qc2 Bf8 19.Nd2 Qb5 20.Rfd1 Qe2 21.Bf1 Qh5 22.h3 Nc5
23.b4 Ncd7 24.Bc3 axb4 25.axb4 Rab8 26.Ra5 b6 27.Ra7 Nf6 28.Rda1 Nd5 29.Bxe5 Qxe5
30.Qxc6 Nxb4 31.Qf3 Qf6 32.Bc4 Re7 33.Qxf6 gxf6 34.Rxe7 Bxe7 35.Ra7 Kf8 36.Bb5 Nd5
37.Nf3 Nc3 38.Bd3 b5 39.Bc2 b4 40.Nd2 Nb5 41.Rd7 h6 42.Nb3 Rc8 43.Bd1 Rd8
44.Rxd8+ Bxd8 45.Kg2 Bb6 46.Kf3 Nd6 47.Bc2 Nb7 48.Kg4 Na5 49.Nd2 Bc7 50.f4 Bb6
51.Kf3 Ke7 52.g4 Bc5 53.Ke2 Bb6 54.Kd3 Nb7 55.Nf1 Nd6 56.Ng3 Ba7 57.Bb3 Bb6
58.Bd5 Ba7 59.Ne2 Bc5 60.Nc1 Kf8 61.Kd2 Bb6 62.Nd3 Ba5 63.Kc2 f5 64.Ne5 Kg7
65.Kd3 Bb6 66.g5 hxg5 67.fxg5 Bd8 68.h4 f6 69.Nc6 Bb6 70.gxf6+ Kxf6 71.Nxb4 Kg6
72.Bf3 Bd8 73.h5+ Kg5 74.Nd5 Ne8 75.Nf4 Bb6 76.Ne6+ Kh6 77.Nd4 Ng7  1/2-1/2

[Event "Yerevan op"]
[Site "Yerevan"]
[Date "1996.??.??"]
[Round "3"]
[White "Bakhtadze, Giorgi"]
[Black "Wojtkiewicz, Aleksander"]
[Result "0-1"]
[WhiteElo "2335"]
[BlackElo "2550"]

1.Nf3 c5 2.b3 Nf6 3.Bb2 g6 4.e3 Bg7 5.Be2 O-O 6.c4 d5 7.cxd5 Qxd5 8.d3 Nc6
9.O-O b6 10.Nbd2 Bb7 11.a3 Rfd8 12.Qc2 e5 13.Rac1 Qe6 14.Rfe1 Rac8 15.Qb1 Nd5
16.Bf1 Qd7 17.Qa1 Qe7 18.Nc4 f6 19.Qb1 Re8 20.Be2 f5 21.Qa1 Rcd8 22.Bf1 b5
23.Ncd2 Nf6 24.e4 fxe4 25.Nxe4 Nxe4 26.dxe4 a6 27.a4 b4 28.Qb1 Bh6 29.Rcd1 Nd4
30.Bxd4 cxd4 31.Bc4+ Kh8 32.Qd3 Rd6 33.a5 Rf8 34.Re2 Bc8 35.Nd2 Qh4 36.Nf1 Rdf6
37.Ng3 Bg4 38.f3 Bc8 39.Bd5 Be3+ 40.Rxe3 dxe3 41.Qxe3 g5 42.Nf5 Bxf5 43.exf5 Rxf5
44.g4 R5f6 45.Qxe5 Qh6 46.Rd4 Qg7 47.Rxb4 Rd8 48.Kg2 Rh6 49.Re4 Qxe5 50.Rxe5 Rhd6
51.Be4 h6 52.h4 gxh4 53.Kh3 Rb8 54.Bd5 Rb5 55.Re8+ Kg7 56.Re7+ Kf8 57.Rf7+ Ke8
58.Bc4 Rxa5 59.Kxh4 Ra1 60.Ra7 a5 61.Kg3 Kd8 62.Kf2 Rf6 63.Bd5 Kc8 64.Ke3 Rd6
65.Bc4 Kb8 66.Rg7 Rc1 67.Bg8 Re1+ 68.Kf2 Re5 69.f4 Rd2+ 70.Kf3 Rd3+ 71.Kf2 Rc5
72.Bc4 Rd6 73.Bg8 Rc3 74.Re7 Rd4 75.Re8+ Kc7 76.Be6 Rxf4+  0-1

[Event "Yerevan op"]
[Site "Yerevan"]
[Date "1996.??.??"]
[Round "4"]
[White "Wojtkiewicz, Aleksander"]
[Black "Yuneev, Alexey"]
[Result "0-1"]
[WhiteElo "2550"]
[BlackElo "2415"]

1.Nf3 d5 2.d4 Nf6 3.c4 e6 4.g3 dxc4 5.Bg2 Nc6 6.Qa4 Bb4+ 7.Bd2 Nd5 8.Bxb4 Nxb4
9.O-O Rb8 10.Na3 O-O 11.Qb5 b6 12.Qxc4 Ba6 13.Nb5 Qd5 14.Qxd5 Nxd5 15.a4 Na5
16.Ne5 Rbd8 17.Rac1 Nb3 18.Rcd1 Nb4 19.e3 c5 20.Nd3 Nc2 21.dxc5 bxc5 22.Kh1 c4
23.Ne5 Nc5 24.Nc7 Nb4 25.Nxa6 Nbxa6 26.Nxc4 Rb8 27.a5 Rb4 28.Rc1 Nd3 29.Rc2 Rfb8
30.Rd1 Rxc4 31.Rcd2 Nac5  0-1

[Event "Yerevan op"]
[Site "Yerevan"]
[Date "1996.??.??"]
[Round "7"]
[White "Kuzmin, Alexey"]
[Black "Wojtkiewicz, Aleksander"]
[Result "1/2-1/2"]
[WhiteElo "2530"]
[BlackElo "2550"]

1.d4 d5 2.c4 c6 3.Nc3 Nf6 4.e3 Bf5 5.cxd5 cxd5 6.Qb3 Bc8 7.Nf3 e6 8.Ne5 Nc6
9.f4 Be7 10.Bd3 O-O 11.O-O Nd7 12.Bd2 Ndxe5 13.fxe5 Bd7 14.Rac1 Rc8 15.Na4 Na5
16.Rxc8 Bxc8 17.Qc2 g6 18.Rc1 Nc6 19.Nc5 Qb6 20.Na4 Qd8 21.Nc5 Qb6 22.Na4  1/2-1/2

[Event "Yerevan op"]
[Site "Yerevan"]
[Date "1996.??.??"]
[Round "11"]
[White "Matveeva, Svetlana"]
[Black "Wojtkiewicz, Aleksander"]
[Result "0-1"]
[WhiteElo "2445"]
[BlackElo "2550"]

1.d4 g6 2.c4 Bg7 3.g3 d6 4.Bg2 c5 5.Nf3 Nc6 6.d5 Na5 7.O-O Bd7 8.Qc2 Nf6
9.e4 O-O 10.Bd2 a6 11.Bc3 b5 12.b3 bxc4 13.Nbd2 cxb3 14.axb3 Nb7 15.Nc4 Bb5
16.Rfe1 a5 17.Bf1 Qc7 18.Ra3 Ra6 19.Ncd2 Bxf1 20.Kxf1 Rfa8 21.Nc4 Qd7 22.Kg2 e6
23.Qd3 Ne8 24.Bxg7 Kxg7 25.Ra4 e5 26.Nfd2 Nc7 27.Rf1 Nb5 28.f4 f6 29.Nf3 Nd4
30.Nfd2 Nd8 31.Rfa1 Nf7 32.fxe5 Nxe5 33.Nxe5 fxe5 34.Nc4 Qc7 35.Qc3 Qf7 36.Rf1 Qb7
37.Rxa5 Qxb3 38.Qxb3 Nxb3 39.Rb5 Ra2+ 40.Kh3 Nd2 41.Rb7+ Kh6 42.Nxd2 Rxd2
43.Kg4 Rxh2 44.Rff7 Rh8 45.Rb1 c4 46.Rc7 c3 47.Rxc3 Ra8 48.Rc7 Ra4 49.Rbb7 Rxe4+
50.Kf3 Rhe2 51.Rxh7+ Kg5 52.Rb3 Re1 53.Rd7 R4e2 54.g4 e4+ 55.Kg3 Rg1+ 56.Kh3 Rh1+
57.Kg3 Rhh2  0-1

[Event "Arco di Trento op2"]
[Site "Arco di Trento"]
[Date "1997.??.??"]
[Round "7"]
[White "Wojtkiewicz, Aleksander"]
[Black "Wohl, Aleksandar H"]
[Result "1/2-1/2"]
[WhiteElo "2565"]
[BlackElo "2425"]

1.Nf3 d6 2.d4 Na6 3.g3 c6 4.Bg2 Qa5+ 5.Nbd2 g6 6.c3 Bg7 7.e4 Nh6 8.a4 O-O
9.Nc4 Qd8 10.O-O Be6 11.Qe2 f6 12.h3 Nc7 13.Kh2 Nf7 14.Rd1 d5 15.Na5 Bc8
16.exd5 cxd5 17.c4 e6 18.b4 b6 19.Nc6 Qd7 20.b5 Bb7 21.Ba3 Rfe8 22.Rac1 a6
23.Bb4 axb5 24.axb5 Bh6 25.Bd2 Bf8 26.Bf4 Bd6 27.Bxd6 Nxd6 28.Nd2 Ra2 29.Qf3 dxc4
30.Nxc4 Nxc4 31.Rxc4 Qd5 32.Ne5  1/2-1/2

[Event "Bad Zwesten op"]
[Site "Bad Zwesten"]
[Date "1997.??.??"]
[Round "2"]
[White "Philippe, Christophe"]
[Black "Wojtkiewicz, Aleksander"]
[Result "0-1"]
[WhiteElo "2155"]
[BlackElo "2565"]

1.e4 c5 2.Nf3 d6 3.c3 Nf6 4.Be2 Bg4 5.h3 Bh5 6.O-O e6 7.d3 Nc6 8.Nbd2 d5
9.Qc2 Bd6 10.Re1 Qc7 11.exd5 Nxd5 12.Ne4 Be7 13.Bg5 O-O 14.a3 Rac8 15.Rad1 Rfd8
16.Qc1 h6 17.Be3 b6 18.d4 f5 19.Ng3 Bf7 20.Bd2 cxd4 21.cxd4 Qb7 22.Qb1 Bf6
23.Bc3 b5 24.Bf1 Qb6 25.Qd3 a6 26.Ne2 a5 27.Bd2 b4 28.a4 b3 29.Rc1 Ncb4 30.Qxb3 e5
31.Qa3 e4 32.Ne5 Bxe5 33.dxe5  0-1

[Event "Bad Zwesten op"]
[Site "Bad Zwesten"]
[Date "1997.??.??"]
[Round "3"]
[White "Wojtkiewicz, Aleksander"]
[Black "Mohr, Stefan"]
[Result "1-0"]
[WhiteElo "2565"]
[BlackElo "2420"]

1.Nf3 d6 2.d4 g6 3.c4 Bg7 4.Nc3 e5 5.e4 Nc6 6.d5 Nce7 7.h4 h6 8.h5 g5 9.Be2 f5
10.exf5 Bxf5 11.Be3 Nf6 12.Nd2 O-O 13.f3 Bh7 14.g4 c6 15.Qb3 Qd7 16.Nde4 Nxe4
17.fxe4 c5 18.Kd2 Rf6 19.Qb5 Qc7 20.b4 b6 21.Rhg1 Qd8 22.Bd3 a6 23.Qa4 b5
24.Qb3 cxb4 25.Qxb4 bxc4 26.Qxc4 Rc8 27.Qxa6 Rxc3 28.Kxc3 Rf3 29.Kd2 Nxd5
30.exd5 e4 31.Be2 Rxe3 32.Rac1 Rxe2+ 33.Kxe2 Bf8 34.Rgf1  1-0

[Event "Bad Zwesten op"]
[Site "Bad Zwesten"]
[Date "1997.??.??"]
[Round "5"]
[White "Gurevich, Dmitry"]
[Black "Wojtkiewicz, Aleksander"]
[Result "1/2-1/2"]
[WhiteElo "2580"]
[BlackElo "2565"]

1.d4 d5 2.c4 c6 3.Bf4 Nf6 4.e3 Bf5 5.Nc3 e6 6.Qb3 Qc8 7.Nf3 Be7 8.Be2 Nbd7
9.h3 O-O 10.O-O Ne4 11.cxd5 exd5 12.Nxd5 cxd5 13.Rac1 Qd8 14.Qxd5 Bg6 15.Qxb7 Bd6
16.Ne5 Bxe5 17.dxe5 Ndc5 18.Qb4 Rb8 19.Qa3 Ne6 20.Bg4 Nxf4 21.exf4 h5 22.f5 hxg4
23.fxg6 Qb6 24.hxg4 fxg6 25.Rc2 Rbe8 26.Qa4 Rxe5 27.Rc6 Qb8 28.Qa6 Rb5 29.b3 Rb4
30.a4 Nd2 31.Re1 Nxb3 32.Re7  1/2-1/2

[Event "Bad Zwesten op"]
[Site "Bad Zwesten"]
[Date "1997.??.??"]
[Round "7"]
[White "Lazarev, Vladimir"]
[Black "Wojtkiewicz, Aleksander"]
[Result "0-1"]
[WhiteElo "2450"]
[BlackElo "2565"]

1.d4 g6 2.c4 Bg7 3.Nc3 d6 4.e4 e5 5.Nf3 exd4 6.Nxd4 Ne7 7.Be3 O-O 8.Be2 Nbc6
9.O-O f5 10.Nxc6 bxc6 11.Qd2 fxe4 12.Nxe4 Nf5 13.Bf4 Rb8 14.Rab1 c5 15.b3 Bb7
16.Bd3 Nd4 17.Rbe1 Qd7 18.f3 Rbe8 19.Kh1 a5 20.Be3 Ra8 21.Rb1 Nf5 22.Bf2 Be5
23.f4 Bg7 24.Rfe1 Bd4 25.Bxd4 cxd4 26.Kg1 Ne3 27.Qf2 Rae8 28.Ng5 c5 29.h3 Nxg2  0-1

[Event "Corsica rap op"]
[Site "Corsica"]
[Date "1997.??.??"]
[Round "5"]
[White "Fontaine, Robert"]
[Black "Wojtkiewicz, Aleksander"]
[Result "1-0"]
[WhiteElo "2395"]
[BlackElo "2575"]

1.e4 c5 2.Nf3 d6 3.d4 cxd4 4.Nxd4 Nf6 5.Nc3 a6 6.h3 e6 7.g4 b5 8.Bg2 Bb7
9.g5 b4 10.gxf6 bxc3 11.fxg7 Bxg7 12.bxc3 Nd7 13.Rb1 Nc5 14.Qg4 Qf6 15.O-O Qg6
16.Re1 Qxg4 17.hxg4 O-O-O 18.Ba3 Be5 19.Rb6 Kc7 20.Reb1 Ba8 21.Ne2 Rhg8 22.f4 Bh8
23.Bxc5 dxc5 24.Rxa6 e5 25.Ra7+ Kc6 26.Ra6+ Kd7 27.Ng3 exf4 28.Nf5 Bxc3 29.Ra7+ Ke8
30.Nd6+ Rxd6 31.Rb8+  1-0

[Event "Corsica rap op"]
[Site "Corsica"]
[Date "1997.??.??"]
[Round "6"]
[White "Wojtkiewicz, Aleksander"]
[Black "Maiffret, Patrick"]
[Result "1-0"]
[WhiteElo "2575"]
[BlackElo "2085"]

1.Nf3 Nf6 2.c4 g6 3.g3 Bg7 4.Bg2 O-O 5.d4 d6 6.O-O Nc6 7.Nc3 Bf5 8.Bg5 Ne4
9.Nxe4 Bxe4 10.d5 Bxf3 11.exf3 Nd4 12.Re1 Re8 13.Re4 c5 14.dxc6 Nxc6 15.Qd2 Qb6
16.Rb1 a5 17.b3 Qb4 18.Qc1 Qc5 19.Bd2 Nb4 20.Be3 Qc7 21.Qd2 Na6 22.Bg5 Nc5
23.Re2 Ne6 24.Be3 a4 25.f4 axb3 26.axb3 Ra3 27.Qb4 Rea8 28.Bxb7 R8a5 29.Bb6 Qxb7
30.Bxa5  1-0

[Event "Corsica rap op"]
[Site "Corsica"]
[Date "1997.??.??"]
[Round "8"]
[White "Wojtkiewicz, Aleksander"]
[Black "Marciano, David"]
[Result "1-0"]
[WhiteElo "2575"]
[BlackElo "2470"]

1.Nf3 d5 2.d4 Nf6 3.c4 e6 4.g3 dxc4 5.Bg2 Nc6 6.Qa4 Nd7 7.Qxc4 Nb6 8.Qd3 e5
9.Bg5 f6 10.Be3 exd4 11.Nxd4 Bb4+ 12.Nc3 Nxd4 13.Bxd4 c5 14.Be3 Qxd3 15.exd3 Bf5
16.Bxb7 Rd8 17.a3 Bxc3+ 18.bxc3 Bxd3 19.Bxc5 Kf7 20.O-O-O Rd7 21.Bf3 Rc8
22.Bxb6 axb6 23.Kb2 Rc5 24.Be2 Rb5+ 25.Ka2 Rbd5 26.Bxd3 Rxd3 27.Rxd3 Rxd3
28.Rb1 Rxc3 29.Rxb6 Rf3 30.Rb2 Ke6 31.a4 Kd6 32.Kb1 Ra3 33.Ra2 Rb3+ 34.Kc2 Rf3
35.Kd1 Kc6 36.Ke2 Rb3 37.a5 Kb7 38.Rd2 Kc7 39.Rc2+ Kd7 40.Ra2 Kc7 41.h4 h5
42.Rc2+ Kd7 43.Ra2 Kc7 44.a6 Kb8 45.Ra5 Ka7 46.Rxh5 Kxa6 47.Rh7 Rb7 48.h5 Kb6
49.h6 gxh6 50.Rxb7+ Kxb7 51.Kf3 Kc6 52.Ke4 Kd6 53.Kf5 Ke7 54.Kg6 Ke6 55.Kxh6 Kf5
56.Kg7 Kg5 57.f4+ Kf5 58.Kf7  1-0

[Event "Corsica rap op"]
[Site "Corsica"]
[Date "1997.??.??"]
[Round "9"]
[White "Flear, Glenn C"]
[Black "Wojtkiewicz, Aleksander"]
[Result "1/2-1/2"]
[WhiteElo "2475"]
[BlackElo "2575"]

1.d4 d5 2.c4 c6 3.Nc3 Nf6 4.e3 Bf5 5.cxd5 cxd5 6.Qb3 Bc8 7.Bd2 e6 8.Rc1 Nc6
9.Bd3 Be7 10.f4 O-O 11.Nf3 Qb6 12.Qxb6 axb6 13.Ke2 Bd7 14.Ne5 Rfc8 15.a3 Be8
16.Rc2 Na5 17.g4 Nb3 18.g5 Nh5 19.Nf3 g6 20.Rd1 Ng7 21.e4 dxe4 22.Bxe4 Nf5
23.Be1 Nd6 24.Bd3  1/2-1/2

[Event "Essen op"]
[Site "Essen"]
[Date "1997.??.??"]
[Round "3"]
[White "Wojtkiewicz, Aleksander"]
[Black "Mohaupt, Sascha"]
[Result "1-0"]
[WhiteElo "2565"]
[BlackElo "2210"]

1.Nf3 Nf6 2.c4 g6 3.g3 Bg7 4.Bg2 O-O 5.d4 d6 6.O-O c6 7.Nc3 Nbd7 8.e4 e5
9.Rb1 exd4 10.Nxd4 Re8 11.h3 Qb6 12.Be3 Qb4 13.Re1 Qxc4 14.a3 Qa6 15.Nb3 Nc5
16.Bf1 Qb6 17.Nxc5 dxc5 18.Qc2 Be6 19.b4 Qc7 20.bxc5 Rad8 21.f4 Bc8 22.Bf2 Nd7
23.e5 Nf8 24.Qa4 a6 25.Qb3 Ne6 26.Ne4 Qa5 27.Nd6 Re7 28.Red1 Rf8 29.Rbc1 Kh8
30.Re1 Bh6 31.Re4 Kg8 32.Rb4 Qc7 33.Rb1 Nd8 34.Qc2 Bg7 35.Bc4 Kh8 36.g4 f6
37.Bh4 g5 38.exf6 Bxf6  1-0

[Event "Essen op"]
[Site "Essen"]
[Date "1997.??.??"]
[Round "4"]
[White "Hoerstmann, Martin"]
[Black "Wojtkiewicz, Aleksander"]
[Result "0-1"]
[WhiteElo "2295"]
[BlackElo "2565"]

1.d4 g6 2.c4 Bg7 3.Nf3 d6 4.Nc3 e5 5.dxe5 dxe5 6.Qxd8+ Kxd8 7.Bd2 f6 8.O-O-O Ke8
9.Rg1 Be6 10.e3 Nh6 11.h3 Nf7 12.g4 c6 13.Ne4 Nd7 14.Bc3 a5 15.Be2 Bf8 16.Rxd7 Kxd7
17.Nxf6+ Ke7 18.Nxe5 Bg7 19.Nxf7 Kxf7 20.Ne4 Bxc3 21.Nxc3 Ke7 22.f4 h5 23.e4 hxg4
24.hxg4 Rh3 25.f5 Bd7 26.c5 Rah8 27.Kd2 Kf6 28.g5+ Ke5 29.fxg6 Be6 30.Nd1 Rh1
31.g7 Rd8+  0-1

[Event "Essen op"]
[Site "Essen"]
[Date "1997.??.??"]
[Round "6"]
[White "Polak, Tomas"]
[Black "Wojtkiewicz, Aleksander"]
[Result "1/2-1/2"]
[WhiteElo "2450"]
[BlackElo "2565"]

1.e4 c5 2.c3 d5 3.exd5 Qxd5 4.d4 Nf6 5.Nf3 g6 6.Be2 cxd4 7.cxd4 Bg7 8.Nc3 Qd8
9.O-O O-O 10.Qb3 Nc6 11.Rd1 Na5 12.Qa3 Be6 13.Ne5 Nd5 14.Bd2 Nc6 15.Nxc6 bxc6
16.Bg5 Re8 17.Ne4 h6 18.Bh4 f5 19.Nc5 Bf7 20.f3 Nf4 21.Ba6 Bxd4+ 22.Kh1 Qd6
23.Bf2 e5 24.Rac1 Qf6 25.Bxd4 exd4 26.Nd3 Re3 27.Qc5 Nxd3 28.Bxd3 Rae8 29.Bf1 d3
30.Bxd3 Qxb2 31.Bc4 Bxc4 32.Qxc4+ Kh8 33.h3 Qf6 34.Rd7 R8e7 35.Rxe7 Rxe7
36.Rd1 Kg7 37.Qc5 h5 38.Rd6 Qh4 39.Qc3+ Kh7 40.Rd1 Qg3 41.Qxc6 Re1+ 42.Rxe1 Qxe1+
43.Kh2 Qe5+ 44.Kh1 Qa1+ 45.Kh2 Qxa2 46.Qc7+ Kh8 47.Qe5+ Kg8 48.Qe8+ Kg7 49.Qe5+ Kf7
50.Qc7+ Kf6 51.Qc3+ Ke7 52.Qc7+ Ke6 53.Qc6+ Kf7 54.Qc7+ Kg8 55.Qd8+ Kh7 56.Qc7+ Kh6
57.Qf4+  1/2-1/2

[Event "Geneve op"]
[Site "Geneve"]
[Date "1997.??.??"]
[Round "1"]
[White "Vismara, Daniele"]
[Black "Wojtkiewicz, Aleksander"]
[Result "0-1"]
[WhiteElo "2205"]
[BlackElo "2565"]

1.e4 c5 2.c3 d5 3.exd5 Qxd5 4.d4 Nf6 5.Nf3 g6 6.Na3 Bg7 7.Nb5 Na6 8.Be3 Ng4
9.Bg5 h6 10.Bd2 cxd4 11.cxd4 O-O 12.h3 Nf6 13.Nc3 Qd8 14.Qb3 Nc7 15.Bc4 b6
16.O-O-O Bb7 17.Rhg1 Ncd5 18.Ne5 e6 19.g4 Nxc3 20.bxc3 Nd5 21.Kb2 b5 22.Bd3 Nb6
23.f4 Bd5 24.Qc2 b4 25.cxb4 Rc8 26.Qb1 Bc4  0-1